[Event "IECC CL5-2012.01 email"]
[Site "IECC email"]
[Date "2012.02.06"]
[Round "?"]
[White "Merrick, Lee"]
[Black "Hargreaves, John Richard"]
[Result "0-1"]
[WhiteElo "1568"]
[BlackElo "1616"]
[PlyCount "52"]
[EventDate "2012.??.??"]
[EventType "tourn (corr)"]
[EventRounds "4"]
[SourceTitle "Telechess CBM 165"]
[Source "ChessBase"]
[SourceDate "2015.03.11"]
[SourceVersion "1"]
[SourceVersionDate "2015.03.11"]
[SourceQuality "1"]
[WhiteTeam "Canada"]
[BlackTeam "England"]
[WhiteTeamCountry "CAN"]
[BlackTeamCountry "ENG"]

1. e4 c6 2. d3 d5 3. Qe2 e5 4. Nf3 Bd6 5. g3 Nf6 6. Bg2 0-0 7. 0-0 Re8 8. Nbd2 Na6 9. c4 Nc5 10. b4 Na4 11. c5 Bf8 12. Nb1 a5 13. a3 axb4 14. axb4 Nc3 15. Qb2 Rxa1 16. Qxa1 Ne2+ 17. Kh1 dxe4 18. dxe4 Nxc1 19. Rxc1 Nxe4 20. Nxe5 Nxf2+ 21. Kg1 Nh3+ 22. Bxh3 Bxh3 23. Qc3 Qd5 24. Nf3 Re2 25. Nbd2 g5 26. Qc4 Rxd2 0-1

[Event "OP-2012-0-02035"]
[Site "LSS email"]
[Date "2012.01.30"]
[Round "?"]
[White "Merrick, Lee"]
[Black "Herzog, Klaus"]
[Result "0-1"]
[WhiteElo "1600"]
[BlackElo "1841"]
[PlyCount "28"]
[EventDate "2012.01.27"]
[EventType "tourn (corr)"]
[EventRounds "4"]
[EventCountry "GER"]
[SourceTitle "Corr 2015"]
[Source "ChessBase"]
[SourceDate "2015.07.17"]
[SourceVersion "1"]
[SourceVersionDate "2015.07.17"]
[SourceQuality "1"]

1. d4 Nf6 2. c4 g6 3. Nc3 Bg7 4. e4 0-0 5. f4 d6 6. Nf3 c5 7. d5 e6 8. Be2 exd5 9. cxd5 Re8 10. e5 dxe5 11. fxe5 Ng4 12. e6 fxe6 13. Bg5 Qb6 14. Na4 Qa5+ 0-1

[Event "London CC-ch B"]
[Site "London"]
[Date "2009.05.07"]
[Round "8"]
[White "Merrick, Lee"]
[Black "Zolotovski, Vassili"]
[Result "1-0"]
[WhiteElo "1492"]
[BlackElo "1337"]
[PlyCount "43"]
[EventDate "2009.03.19"]
[EventType "swiss"]
[EventRounds "13"]
[EventCountry "CAN"]
[SourceTitle "EXT 2022"]
[Source "ChessBase"]
[SourceDate "2021.10.06"]
[SourceVersion "1"]
[SourceVersionDate "2021.10.06"]
[SourceQuality "1"]

1. d4 d5 2. c4 e6 3. Nc3 Nf6 4. cxd5 exd5 5. Bg5 c6 6. Qc2 Be7 7. e3 Be6 8. Bd3 Nbd7 9. Nf3 h6 10. Bh4 Bd6 11. 0-0 g5 12. Bg3 Bxg3 13. hxg3 Qc7 14. b4 a6 15. a4 g4 16. Nh4 Rg8 17. b5 Qd6 18. bxc6 bxc6 19. Rfb1 Nh5 20. Rb7 c5 21. Nf5 Nhf6 22. Nxd6+ 1-0

[Event "London CC-ch B"]
[Site "London"]
[Date "2009.04.16"]
[Round "5"]
[White "Merrick, Lee"]
[Black "Bennett MacDonald, Joshua"]
[Result "1-0"]
[WhiteElo "1492"]
[BlackElo "1128"]
[PlyCount "85"]
[EventDate "2009.03.19"]
[EventType "swiss"]
[EventRounds "13"]
[EventCountry "CAN"]
[SourceTitle "EXT 2022"]
[Source "ChessBase"]
[SourceDate "2021.10.06"]
[SourceVersion "1"]
[SourceVersionDate "2021.10.06"]
[SourceQuality "1"]

1. d4 Nf6 2. c4 g6 3. Nc3 Bg7 4. e4 d6 5. Nf3 e5 6. dxe5 dxe5 7. Qxd8+ Kxd8 8. Bg5 Be6 9. Nxe5 Ke7 10. Rd1 h6 11. Bxf6+ Bxf6 12. Nf3 a5 13. e5 Bg7 14. Nd5+ Bxd5 15. cxd5 Nd7 16. d6+ cxd6 17. exd6+ Kd8 18. Bb5 Bxb2 19. 0-0 Ba3 20. Bxd7 Kxd7 21. Ne5+ Ke6 22. Nc4 Bc5 23. Rfe1+ Kf6 24. Rd5 Rac8 25. Nxa5 Rhd8 26. Nxb7 Bb4 27. Red1 Rd7 28. Na5 Ra8 29. Nb3 Rxa2 30. Nc5 Bxc5 31. Rxc5 Ra6 32. Rcd5 Ke6 33. h4 f5 34. g3 Ra4 35. R5d2 f4 36. Re2+ Kf5 37. Kh2 Ra6 38. Red2 fxg3+ 39. fxg3 Ke6 40. Re2+ Kf5 41. Kh3 g5 42. h5 Raxd6 43. Rf1# 1-0